000 002680000a22000970004500
100 1 _aWal, A.J.O. van der
245 1 0 _aLo' namut in Habakkuk 1:12 : A suggestion
300 _aVol. 38, Num 4 (Octubre, 1988), Páginas 480-483
773 0 _tVetus Testamentum
942 _cANA
999 _c57449
_d57449